[Event "DEM U16 2021"]
[Site "Willingen GER"]
[Date "2021.08.28"]
[Round "8"]
[White "Haufe, Laurin"]
[Black "Laux, Dominik"]
[Result "0-1"]
[Termination "normal"]
[Board "4"]
[WhiteElo "2013"]
[BlackElo "2085"]
[WhiteClock "00:01:45"]
[BlackClock "00:42:46"]
[PlyCount "74"]
[WhiteFideId "12976504"]
[BlackFideId "12994219"]
[EventCountry "GER"]
[EventRounds "9"]
[EventType "swiss"]
[EventDate "2021.08.22"]

1. e4 {[%clk 1:30:58]} c5 {[%clk 1:30:34]} 2. Nf3 {[%clk 1:31:22]} d6 {[%clk
1:31:01]} 3. d4 {[%clk 1:31:48]} cxd4 {[%clk 1:31:17]} 4. Nxd4 {[%clk 1:32:12]}
Nf6 {[%clk 1:31:23]} 5. f3 {[%clk 1:32:22]} e5 {[%clk 1:29:00]} 6. Nb3 {[%clk
1:32:33]} a5 {[%clk 1:29:24]} 7. Bb5+ {[%clk 1:27:14]} Bd7 {[%clk 1:28:19]} 8.
a4 {[%clk 1:26:35]} Bxb5 {[%clk 1:24:30]} 9. axb5 {[%clk 1:27:00]} d5 {[%clk
1:23:59]} 10. Bg5 {[%clk 1:17:47]} Nbd7 {[%clk 1:24:14]} 11. exd5 {[%clk
1:08:08]} h6 {[%clk 1:24:31]} 12. Bxf6 {[%clk 1:00:07]} Nxf6 {[%clk 1:24:53]}
13. c4 {[%clk 0:56:51]} Bb4+ {[%clk 1:25:18]} 14. N3d2 {[%clk 0:51:07]} Qb6
{[%clk 1:20:21]} 15. Nc3 {[%clk 0:40:57]} O-O {[%clk 1:19:23]} 16. Qc2 {[%clk
0:26:35]} Qe3+ {[%clk 1:13:36]} 17. Kf1 {[%clk 0:25:50]} Rfc8 {[%clk 1:08:54]}
18. Re1 {[%clk 0:24:01]} Qd4 {[%clk 1:07:33]} 19. Rc1 {[%clk 0:15:30]} a4
{[%clk 1:02:54]} 20. Ke2 {[%clk 0:08:48]} a3 {[%clk 0:47:38]} 21. Qd3 {[%clk
0:04:37]} axb2 {[%clk 0:45:14]} 22. Rc2 {[%clk 0:04:59]} Ra3 {[%clk 0:44:47]}
23. Ndb1 {[%clk 0:04:48]} Rb3 {[%clk 0:44:38]} 24. Rd1 {[%clk 0:02:44]} Rxc4
{[%clk 0:42:43]} 25. Qxd4 {[%clk 0:02:58]} exd4 {[%clk 0:42:15]} 26. Kd3 {[%clk
0:03:17]} Rcxc3+ {[%clk 0:41:42]} 27. Nxc3 {[%clk 0:03:41]} Bxc3 {[%clk
0:41:54]} 28. Rb1 {[%clk 0:03:53]} Rxb5 {[%clk 0:41:59]} 29. Re2 {[%clk
0:03:43]} Nxd5 {[%clk 0:41:30]} 30. Kc4 {[%clk 0:02:47]} Nc7 {[%clk 0:41:21]}
31. Re7 {[%clk 0:02:28]} Rb4+ {[%clk 0:41:43]} 32. Kd3 {[%clk 0:02:50]} Nb5
{[%clk 0:41:03]} 33. Rxb7 {[%clk 0:02:11]} Na3 {[%clk 0:41:22]} 34. Rxb4 {[%clk
0:02:24]} Nxb1 {[%clk 0:41:47]} 35. Rb8+ {[%clk 0:01:24]} Kh7 {[%clk 0:42:15]}
36. Rxb2 {[%clk 0:01:17]} Bxb2 {[%clk 0:42:38]} 37. Kc2 {[%clk 0:01:45]} Bc3
{[%clk 0:42:46]} 0-1

[Event "DEM U16 2021"]
[Site "Willingen GER"]
[Date "2021.08.28"]
[Round "8"]
[White "Milare, Tyron"]
[Black "Gallasch, Jonas"]
[Result "1/2-1/2"]
[Termination "normal"]
[Board "5"]
[WhiteElo "2161"]
[BlackElo "2046"]
[WhiteClock "00:13:34"]
[BlackClock "00:00:48"]
[PlyCount "68"]
[WhiteFideId "12987018"]
[BlackFideId "16222474"]
[EventCountry "GER"]
[EventRounds "9"]
[EventType "swiss"]
[EventDate "2021.08.22"]

1. d4 {[%clk 1:30:45]} Nf6 {[%clk 1:30:41]} 2. Nf3 {[%clk 1:31:09]} g6 {[%clk
1:30:55]} 3. c4 {[%clk 1:31:34]} Bg7 {[%clk 1:31:17]} 4. Nc3 {[%clk 1:31:58]}
d5 {[%clk 1:31:28]} 5. Bg5 {[%clk 1:32:19]} Ne4 {[%clk 1:31:47]} 6. Bf4 Nxc3
{[%clk 1:31:33]} 7. bxc3 {[%clk 1:33:04]} c5 {[%clk 1:31:57]} 8. e3 {[%clk
1:33:18]} O-O {[%clk 1:32:03]} 9. Qb3 {[%clk 1:33:31]} dxc4 {[%clk 1:04:55]}
10. Bxc4 {[%clk 1:33:21]} Nc6 {[%clk 1:04:25]} 11. Be2 {[%clk 1:31:53]} cxd4
{[%clk 0:59:59]} 12. exd4 {[%clk 1:25:33]} b6 {[%clk 0:52:57]} 13. O-O {[%clk
1:20:40]} Bb7 {[%clk 0:47:23]} 14. Rfe1 {[%clk 1:13:40]} e6 {[%clk 0:44:17]}
15. Rac1 {[%clk 1:01:36]} Rc8 {[%clk 0:35:48]} 16. Qa3 {[%clk 0:58:14]} Qd5
{[%clk 0:27:59]} 17. Bf1 {[%clk 0:49:03]} Qa5 {[%clk 0:24:27]} 18. Qb2 {[%clk
0:46:37]} Ba6 {[%clk 0:18:23]} 19. Bxa6 {[%clk 0:42:16]} Qxa6 {[%clk 0:18:48]}
20. h4 {[%clk 0:42:02]} h5 {[%clk 0:14:01]} 21. Ng5 {[%clk 0:39:11]} Rfd8
{[%clk 0:08:36]} 22. Qb1 {[%clk 0:37:25]} Ne7 {[%clk 0:05:41]} 23. Nxe6 {[%clk
0:33:09]} fxe6 {[%clk 0:06:06]} 24. Rxe6 {[%clk 0:33:33]} Kf7 {[%clk 0:03:54]}
25. Rce1 {[%clk 0:25:05]} Nf5 {[%clk 0:02:37]} 26. Bg5 {[%clk 0:25:15]} Rf8
{[%clk 0:01:05]} 27. f3 {[%clk 0:24:44]} Qc4 {[%clk 0:00:41]} 28. g4 {[%clk
0:23:53]} hxg4 {[%clk 0:00:51]} 29. fxg4 {[%clk 0:14:10]} Qxc3 {[%clk 0:01:20]}
30. gxf5 {[%clk 0:12:26]} Qg3+ {[%clk 0:01:44]} 31. Kh1 {[%clk 0:12:21]} Qh3+
{[%clk 0:02:10]} 32. Kg1 {[%clk 0:12:46]} Qg3+ {[%clk 0:00:44]} 33. Kh1 {[%clk
0:13:10]} Qh3+ {[%clk 0:00:43]} 34. Kg1 {[%clk 0:13:34]} Qg3+ {[%clk 0:00:48]}
1/2-1/2

[Event "DEM U16 2021"]
[Site "Willingen GER"]
[Date "2021.08.28"]
[Round "8"]
[White "Arakelian, Aik"]
[Black "Musiolik, David"]
[Result "1/2-1/2"]
[Termination "normal"]
[Board "6"]
[WhiteElo "2052"]
[BlackElo "2286"]
[WhiteClock "00:16:24"]
[BlackClock "00:16:23"]
[PlyCount "49"]
[WhiteFideId "16220340"]
[BlackFideId "12972355"]
[EventCountry "GER"]
[EventRounds "9"]
[EventType "swiss"]
[EventDate "2021.08.22"]

1. e4 {[%clk 1:30:57]} e6 {[%clk 1:30:50]} 2. d4 {[%clk 1:31:18]} d5 {[%clk
1:31:15]} 3. Nc3 {[%clk 1:31:40]} Bb4 {[%clk 1:31:24]} 4. exd5 {[%clk 1:31:49]}
exd5 {[%clk 1:31:47]} 5. Bd3 {[%clk 1:32:12]} Nc6 {[%clk 1:32:02]} 6. a3 {[%clk
1:32:33]} Bxc3+ {[%clk 1:32:24]} 7. bxc3 {[%clk 1:32:57]} Nge7 {[%clk 1:32:16]}
8. Qf3 {[%clk 1:28:45]} Be6 {[%clk 1:31:05]} 9. Rb1 {[%clk 1:28:17]} b6 {[%clk
1:31:15]} 10. Ne2 {[%clk 1:24:30]} Qd7 {[%clk 1:28:58]} 11. O-O {[%clk
1:17:24]} O-O {[%clk 1:16:23]} 12. h3 {[%clk 1:12:41]} Bf5 {[%clk 1:14:53]} 13.
Ng3 {[%clk 1:09:14]} Bg6 {[%clk 0:54:33]} 14. h4 {[%clk 1:07:06]} Rfe8 {[%clk
0:51:22]} 15. h5 {[%clk 1:04:04]} Bxd3 {[%clk 0:51:44]} 16. cxd3 {[%clk
1:03:51]} h6 {[%clk 0:50:29]} 17. Bf4 {[%clk 0:59:29]} Nf5 {[%clk 0:44:11]} 18.
Qg4 {[%clk 0:50:33]} Nce7 {[%clk 0:43:02]} 19. Bxh6 {[%clk 0:45:40]} Qe6 {[%clk
0:39:35]} 20. Bd2 {[%clk 0:33:40]} Nxg3 {[%clk 0:38:56]} 21. Qxe6 {[%clk
0:33:42]} fxe6 {[%clk 0:39:19]} 22. fxg3 {[%clk 0:34:07]} Nc6 {[%clk 0:22:03]}
23. Rbe1 {[%clk 0:25:48]} e5 {[%clk 0:17:02]} 24. Rf5 {[%clk 0:17:13]} exd4
{[%clk 0:16:23]} 25. Rxd5 {[%clk 0:16:24]} 1/2-1/2

[Event "DEM U16 2021"]
[Site "Willingen GER"]
[Date "2021.08.28"]
[Round "8"]
[White "Nied, Pascal"]
[Black "Weihrauch, Jakob"]
[Result "1/2-1/2"]
[Termination "normal"]
[Board "7"]
[WhiteElo "1870"]
[BlackElo "2137"]
[WhiteClock "00:01:23"]
[BlackClock "00:01:31"]
[PlyCount "83"]
[WhiteFideId "16260597"]
[BlackFideId "16210115"]
[EventCountry "GER"]
[EventRounds "9"]
[EventType "swiss"]
[EventDate "2021.08.22"]

1. e4 {[%clk 1:30:58]} e5 {[%clk 1:30:51]} 2. Nf3 {[%clk 1:31:24]} Nc6 {[%clk
1:31:18]} 3. Bb5 {[%clk 1:31:49]} a6 {[%clk 1:31:40]} 4. Ba4 {[%clk 1:32:15]}
Nf6 {[%clk 1:32:03]} 5. O-O {[%clk 1:32:39]} b5 {[%clk 1:32:30]} 6. Bb3 {[%clk
1:33:04]} Bc5 {[%clk 1:32:56]} 7. Nc3 {[%clk 1:33:29]} d6 {[%clk 1:32:11]} 8.
Nd5 {[%clk 1:33:49]} Be6 {[%clk 1:16:12]} 9. c3 {[%clk 1:23:16]} Ba7 {[%clk
1:08:56]} 10. d3 {[%clk 1:17:44]} h6 {[%clk 1:07:10]} 11. a4 {[%clk 1:15:32]}
O-O {[%clk 0:56:26]} 12. Be3 {[%clk 1:10:47]} Bxd5 {[%clk 0:50:10]} 13. exd5
{[%clk 1:09:05]} Bxe3 {[%clk 0:45:49]} 14. fxe3 {[%clk 1:07:49]} Ne7 {[%clk
0:45:38]} 15. e4 {[%clk 1:00:48]} Ng6 {[%clk 0:38:29]} 16. g3 {[%clk 0:48:46]}
Qd7 {[%clk 0:32:49]} 17. Qe2 {[%clk 0:47:46]} Nh7 {[%clk 0:25:14]} 18. Bc2
{[%clk 0:38:56]} c6 {[%clk 0:17:45]} 19. dxc6 {[%clk 0:37:28]} Qxc6 {[%clk
0:18:08]} 20. Bb3 {[%clk 0:36:25]} Nf6 {[%clk 0:17:51]} 21. Ne1 {[%clk
0:33:34]} d5 {[%clk 0:15:00]} 22. exd5 {[%clk 0:32:15]} Nxd5 {[%clk 0:15:04]}
23. Qe4 {[%clk 0:31:31]} Rad8 {[%clk 0:10:27]} 24. Nc2 {[%clk 0:24:54]} Nge7
{[%clk 0:07:04]} 25. Qxe5 {[%clk 0:23:00]} bxa4 {[%clk 0:07:29]} 26. Nd4 {[%clk
0:21:15]} Qb6 {[%clk 0:07:07]} 27. Bxd5 {[%clk 0:19:52]} Nxd5 {[%clk 0:07:32]}
28. Rf2 {[%clk 0:18:18]} Nf6 {[%clk 0:07:42]} 29. Qe2 {[%clk 0:16:51]} Rfe8
{[%clk 0:07:24]} 30. Qd1 {[%clk 0:16:13]} Re3 {[%clk 0:04:58]} 31. Qxa4 {[%clk
0:14:31]} Ng4 {[%clk 0:04:33]} 32. Rd2 {[%clk 0:11:34]} Ne5 {[%clk 0:02:31]}
33. Qxa6 {[%clk 0:11:07]} Qc5 {[%clk 0:01:49]} 34. Rf1 {[%clk 0:08:12]} Nf3+
{[%clk 0:01:23]} 35. Nxf3 {[%clk 0:08:13]} Rexd3+ {[%clk 0:01:20]} 36. Rff2
{[%clk 0:06:34]} Rxd2 {[%clk 0:01:25]} 37. Nxd2 {[%clk 0:06:54]} Rxd2 {[%clk
0:01:36]} 38. Qa8+ {[%clk 0:06:54]} Kh7 {[%clk 0:02:03]} 39. Qf3 {[%clk
0:02:46]} Rxb2 {[%clk 0:00:51]} 40. Qxf7 {[%clk 0:00:36]} Rxf2 {[%clk 0:01:05]}
41. Qxf2 {[%clk 0:00:59]} Qxc3 {[%clk 0:01:31]} 42. Qf5+ {[%clk 0:01:23]}
1/2-1/2

[Event "DEM U16 2021"]
[Site "Willingen GER"]
[Date "2021.08.28"]
[Round "8"]
[White "Eilenberg, Jonas"]
[Black "Haack, Kevin"]
[Result "1/2-1/2"]
[Termination "normal"]
[Board "8"]
[WhiteElo "2087"]
[BlackElo "2076"]
[WhiteClock "00:08:49"]
[BlackClock "00:21:19"]
[PlyCount "89"]
[WhiteFideId "16204271"]
[BlackFideId "16228715"]
[EventCountry "GER"]
[EventRounds "9"]
[EventType "swiss"]
[EventDate "2021.08.22"]

1. d4 {[%clk 1:30:55]} Nf6 {[%clk 1:30:55]} 2. Nf3 {[%clk 1:31:03]} e6 {[%clk
1:31:19]} 3. e3 {[%clk 1:31:21]} c5 {[%clk 1:31:42]} 4. Bd3 {[%clk 1:31:42]}
cxd4 {[%clk 1:32:00]} 5. exd4 {[%clk 1:32:02]} b6 {[%clk 1:32:23]} 6. O-O
{[%clk 1:31:15]} Bb7 {[%clk 1:32:48]} 7. Re1 {[%clk 1:28:31]} Be7 {[%clk
1:33:05]} 8. c3 {[%clk 1:26:15]} O-O {[%clk 1:33:27]} 9. Bg5 {[%clk 1:25:40]}
h6 {[%clk 1:32:38]} 10. Bh4 {[%clk 1:25:28]} Nh5 {[%clk 1:30:50]} 11. Bxe7
{[%clk 1:21:44]} Qxe7 {[%clk 1:31:13]} 12. Be4 {[%clk 1:15:14]} Bxe4 {[%clk
1:26:09]} 13. Rxe4 {[%clk 1:15:32]} d6 {[%clk 1:25:19]} 14. Nbd2 {[%clk
1:11:19]} Re8 {[%clk 1:22:35]} 15. Nf1 {[%clk 1:05:42]} Nd7 {[%clk 1:14:02]}
16. Re1 {[%clk 1:03:21]} f5 {[%clk 1:01:11]} 17. d5 {[%clk 0:53:52]} Nf4 {[%clk
0:46:53]} 18. dxe6 {[%clk 0:46:21]} Nxe6 {[%clk 0:45:17]} 19. Ng3 {[%clk
0:41:59]} g6 {[%clk 0:39:31]} 20. Qd2 {[%clk 0:38:32]} f4 {[%clk 0:37:05]} 21.
Ne4 {[%clk 0:37:42]} Ne5 {[%clk 0:36:44]} 22. Nxe5 {[%clk 0:29:26]} dxe5 {[%clk
0:37:05]} 23. Qd5 {[%clk 0:28:35]} Rf8 {[%clk 0:31:18]} 24. Rad1 {[%clk
0:23:14]} f3 {[%clk 0:22:21]} 25. g3 {[%clk 0:15:16]} Rad8 {[%clk 0:22:40]} 26.
Qxe5 {[%clk 0:15:14]} Rxd1 {[%clk 0:23:03]} 27. Rxd1 {[%clk 0:15:40]} Rf5
{[%clk 0:23:14]} 28. Qb8+ {[%clk 0:15:32]} Rf8 {[%clk 0:23:43]} 29. Rd7 {[%clk
0:11:03]} Rxb8 {[%clk 0:10:46]} 30. Rxe7 {[%clk 0:11:27]} Rd8 {[%clk 0:11:09]}
31. Nf6+ {[%clk 0:11:33]} Kf8 {[%clk 0:11:34]} 32. Rd7 {[%clk 0:11:42]} Rxd7
{[%clk 0:08:52]} 33. Nxd7+ {[%clk 0:12:06]} Kg7 {[%clk 0:09:17]} 34. Ne5 {[%clk
0:11:54]} Nc5 {[%clk 0:09:25]} 35. Kf1 {[%clk 0:09:28]} Kf6 {[%clk 0:06:46]}
36. Nxf3 {[%clk 0:09:50]} Na4 {[%clk 0:07:09]} 37. Ke2 {[%clk 0:09:13]} Nxb2
{[%clk 0:07:28]} 38. Nd4 {[%clk 0:08:36]} Na4 {[%clk 0:04:55]} 39. Kd3 {[%clk
0:07:35]} Nb2+ {[%clk 0:02:36]} 40. Kc2 {[%clk 0:07:03]} Nc4 {[%clk 0:03:00]}
41. f4 {[%clk 0:06:13]} Ne3+ {[%clk 0:28:09]} 42. Kd3 {[%clk 0:34:56]} Nf1
{[%clk 0:28:20]} 43. Nf3 {[%clk 0:34:53]} Kf5 {[%clk 0:28:00]} 44. c4 {[%clk
0:20:04]} Kg4 {[%clk 0:21:19]} 45. Ne5+ {[%clk 0:08:49]} 1/2-1/2

[Event "DEM U16 2021"]
[Site "Willingen GER"]
[Date "2021.08.28"]
[Round "8"]
[White "Müller, Magnus"]
[Black "Lutz, Ruben"]
[Result "0-1"]
[Termination "normal"]
[Board "9"]
[WhiteElo "2147"]
[BlackElo "2108"]
[WhiteClock "00:29:18"]
[BlackClock "00:26:02"]
[PlyCount "88"]
[WhiteFideId "16230060"]
[BlackFideId "12975974"]
[EventCountry "GER"]
[EventRounds "9"]
[EventType "swiss"]
[EventDate "2021.08.22"]

1. d4 {[%clk 1:30:40]} Nf6 {[%clk 1:29:56]} 2. Bf4 {[%clk 1:31:02]} g6 {[%clk
1:27:41]} 3. Nc3 {[%clk 1:31:11]} d5 {[%clk 1:28:00]} 4. e3 {[%clk 1:31:35]}
Bg7 {[%clk 1:28:17]} 5. h4 {[%clk 1:32:01]} c5 {[%clk 1:26:30]} 6. dxc5 {[%clk
1:19:27]} Nc6 {[%clk 1:25:14]} 7. Bb5 {[%clk 1:15:51]} O-O {[%clk 1:22:05]} 8.
Qd2 {[%clk 1:03:03]} e5 {[%clk 1:09:24]} 9. Bg5 {[%clk 0:52:09]} d4 {[%clk
1:03:18]} 10. exd4 {[%clk 0:48:09]} exd4 {[%clk 1:02:28]} 11. Nce2 {[%clk
0:45:15]} Qd5 {[%clk 0:52:31]} 12. f3 {[%clk 0:32:56]} Qxc5 {[%clk 0:41:28]}
13. Bxc6 {[%clk 0:31:19]} bxc6 {[%clk 0:41:53]} 14. Qxd4 {[%clk 0:29:31]} Qa5+
{[%clk 0:39:28]} 15. Qc3 {[%clk 0:21:38]} Qf5 {[%clk 0:34:39]} 16. O-O-O {[%clk
0:13:51]} Nd5 {[%clk 0:24:52]} 17. Qc5 {[%clk 0:12:32]} Be6 {[%clk 0:19:05]}
18. Nd4 {[%clk 0:11:53]} Qe5 {[%clk 0:19:27]} 19. Nge2 {[%clk 0:11:58]} Rab8
{[%clk 0:15:16]} 20. c3 {[%clk 0:11:37]} Rb6 {[%clk 0:09:18]} 21. Rhe1 {[%clk
0:09:15]} Qb8 {[%clk 0:07:11]} 22. b3 {[%clk 0:07:36]} Bd7 {[%clk 0:03:52]} 23.
Bd2 {[%clk 0:05:03]} a5 {[%clk 0:02:44]} 24. Nc2 {[%clk 0:03:59]} a4 {[%clk
0:00:54]} 25. b4 {[%clk 0:04:20]} Rb5 {[%clk 0:00:58]} 26. Qf2 {[%clk 0:04:17]}
a3 {[%clk 0:00:53]} 27. c4 {[%clk 0:02:02]} Rxb4 {[%clk 0:00:35]} 28. Bxb4
{[%clk 0:01:09]} Nxb4 {[%clk 0:00:56]} 29. Nxb4 {[%clk 0:00:54]} Qxb4 {[%clk
0:01:23]} 30. Nd4 {[%clk 0:01:21]} Rb8 {[%clk 0:00:43]} 31. Nb3 {[%clk
0:00:49]} Qc3+ {[%clk 0:00:39]} 32. Qc2 {[%clk 0:01:13]} Bh6+ {[%clk 0:00:34]}
33. Kb1 {[%clk 0:01:31]} Bf5 {[%clk 0:00:34]} 34. Re4 {[%clk 0:01:59]} Bxe4
{[%clk 0:00:40]} 35. fxe4 {[%clk 0:02:26]} Qe5 {[%clk 0:00:44]} 36. Rd3 {[%clk
0:01:55]} Bg7 {[%clk 0:00:46]} 37. Kc1 {[%clk 0:02:20]} Qf4+ {[%clk 0:00:45]}
38. Qd2 {[%clk 0:02:45]} Qf1+ {[%clk 0:00:44]} 39. Kc2 {[%clk 0:03:01]} Qf6
{[%clk 0:00:43]} 40. Rd6 {[%clk 0:02:42]} Qb2+ {[%clk 0:00:46]} 41. Kd1 {[%clk
0:03:00]} Qb1+ {[%clk 0:27:46]} 42. Ke2 {[%clk 0:29:29]} Qxe4+ {[%clk 0:27:50]}
43. Qe3 {[%clk 0:29:19]} Qxg2+ {[%clk 0:26:40]} 44. Kd3 {[%clk 0:29:18]} Qxa2
{[%clk 0:26:02]} 0-1

[Event "DEM U16 2021"]
[Site "Willingen GER"]
[Date "2021.08.28"]
[Round "8"]
[White "Albert, Markus"]
[Black "Ponomarev, Maximilian"]
[Result "0-1"]
[Termination "normal"]
[Board "10"]
[WhiteElo "1951"]
[BlackElo "1940"]
[WhiteClock "00:21:11"]
[BlackClock "00:25:39"]
[PlyCount "98"]
[WhiteFideId "16292626"]
[BlackFideId "16216768"]
[EventCountry "GER"]
[EventRounds "9"]
[EventType "swiss"]
[EventDate "2021.08.22"]

1. Nc3 {[%clk 1:30:56]} d5 {[%clk 1:30:13]} 2. e4 {[%clk 1:30:54]} d4 {[%clk
1:25:46]} 3. Nce2 {[%clk 1:31:15]} e5 {[%clk 1:20:02]} 4. Ng3 {[%clk 1:31:25]}
Be6 {[%clk 1:19:20]} 5. b3 {[%clk 1:31:22]} Nc6 {[%clk 1:12:54]} 6. Bc4 {[%clk
1:30:48]} Bxc4 {[%clk 1:07:51]} 7. bxc4 {[%clk 1:31:02]} d3 {[%clk 1:03:18]} 8.
c3 {[%clk 1:21:58]} Bc5 {[%clk 0:59:36]} 9. Nf3 {[%clk 1:12:29]} g6 {[%clk
0:53:11]} 10. Rb1 {[%clk 1:08:57]} b6 {[%clk 0:51:47]} 11. Ba3 {[%clk 1:01:36]}
Bxa3 {[%clk 0:50:55]} 12. Qa4 {[%clk 0:59:19]} Qd6 {[%clk 0:46:00]} 13. Nxe5
{[%clk 0:57:43]} Nge7 {[%clk 0:46:02]} 14. Nxc6 {[%clk 0:57:27]} Nxc6 {[%clk
0:46:16]} 15. e5 {[%clk 0:56:23]} Qxe5+ {[%clk 0:46:31]} 16. Kd1 {[%clk
0:56:46]} O-O {[%clk 0:46:18]} 17. Qxc6 {[%clk 0:55:35]} Rfe8 {[%clk 0:42:40]}
18. Qf3 {[%clk 0:36:59]} Rad8 {[%clk 0:40:10]} 19. h4 {[%clk 0:30:40]} h5
{[%clk 0:40:14]} 20. Rb5 {[%clk 0:28:49]} Bc5 {[%clk 0:40:17]} 21. Kc1 {[%clk
0:21:07]} Qe6 {[%clk 0:29:52]} 22. Qf4 {[%clk 0:14:48]} a6 {[%clk 0:18:01]} 23.
Rb3 {[%clk 0:09:44]} Bd6 {[%clk 0:17:45]} 24. Qh6 {[%clk 0:06:15]} Bxg3 {[%clk
0:15:57]} 25. fxg3 {[%clk 0:06:38]} Qxc4 {[%clk 0:14:54]} 26. Rf1 {[%clk
0:06:01]} Re2 {[%clk 0:12:01]} 27. Rf4 {[%clk 0:04:56]} Qe6 {[%clk 0:11:40]}
28. Rf3 {[%clk 0:03:47]} Rxg2 {[%clk 0:10:13]} 29. Re3 {[%clk 0:03:26]} Qf6
{[%clk 0:08:37]} 30. Re1 {[%clk 0:03:11]} Rxg3 {[%clk 0:08:42]} 31. Rb4 {[%clk
0:03:24]} Rf3 {[%clk 0:07:09]} 32. Rd4 {[%clk 0:03:04]} Rf8 {[%clk 0:06:57]}
33. Kb2 {[%clk 0:02:54]} c5 {[%clk 0:03:58]} 34. Rde4 {[%clk 0:03:07]} b5
{[%clk 0:02:48]} 35. Re8 {[%clk 0:01:52]} Qg7 {[%clk 0:03:06]} 36. Qg5 {[%clk
0:02:03]} c4 {[%clk 0:02:33]} 37. R8e4 {[%clk 0:02:00]} Rf5 {[%clk 0:02:35]}
38. Qg3 {[%clk 0:02:05]} Qf6 {[%clk 0:02:40]} 39. Re8 {[%clk 0:02:15]} Rf2
{[%clk 0:01:52]} 40. Kc1 {[%clk 0:01:15]} Qf4 {[%clk 0:00:40]} 41. Qxf4 {[%clk
0:23:10]} Rxf4 {[%clk 0:31:05]} 42. R8e4 {[%clk 0:22:52]} Rxe4 {[%clk 0:30:48]}
43. Rxe4 {[%clk 0:23:16]} Rd8 {[%clk 0:31:14]} 44. a4 {[%clk 0:23:16]} Rd6
{[%clk 0:27:00]} 45. axb5 {[%clk 0:21:59]} axb5 {[%clk 0:27:25]} 46. Re5 {[%clk
0:22:21]} Re6 {[%clk 0:25:37]} 47. Rxb5 {[%clk 0:21:38]} Re4 {[%clk 0:25:11]}
48. Rc5 {[%clk 0:20:46]} Rxh4 {[%clk 0:25:34]} 49. Kb2 {[%clk 0:21:11]} Re4
{[%clk 0:25:39]} 0-1

[Event "DEM U16 2021"]
[Site "Willingen GER"]
[Date "2021.08.28"]
[Round "8"]
[White "Rohde, Niclas"]
[Black "Chassard, Cedric"]
[Result "1-0"]
[Termination "normal"]
[Board "11"]
[WhiteElo "1591"]
[BlackElo "1971"]
[WhiteClock "00:06:30"]
[BlackClock "00:29:16"]
[PlyCount "119"]
[WhiteFideId "16230205"]
[BlackFideId "16243536"]
[EventCountry "GER"]
[EventRounds "9"]
[EventType "swiss"]
[EventDate "2021.08.22"]

1. e4 {[%clk 1:30:52]} e5 {[%clk 1:30:47]} 2. Nf3 {[%clk 1:31:11]} Nc6 {[%clk
1:31:15]} 3. Bc4 {[%clk 1:31:30]} Bc5 {[%clk 1:31:32]} 4. c3 {[%clk 1:31:39]}
Nf6 {[%clk 1:31:56]} 5. d4 {[%clk 1:31:18]} exd4 {[%clk 1:32:13]} 6. O-O {[%clk
1:31:30]} Nxe4 {[%clk 1:28:53]} 7. cxd4 {[%clk 1:30:24]} d5 {[%clk 1:28:15]} 8.
dxc5 {[%clk 1:30:06]} dxc4 {[%clk 1:28:22]} 9. Qe2 {[%clk 1:30:20]} Qd3 {[%clk
1:28:16]} 10. Re1 {[%clk 1:30:10]} f5 {[%clk 1:18:15]} 11. Nc3 {[%clk 1:28:43]}
O-O {[%clk 1:13:45]} 12. Nxe4 {[%clk 1:28:33]} fxe4 {[%clk 1:13:29]} 13. Qxe4
{[%clk 1:28:53]} Qxe4 {[%clk 1:04:45]} 14. Rxe4 {[%clk 1:29:11]} c3 {[%clk
1:03:39]} 15. bxc3 {[%clk 1:22:55]} Bf5 {[%clk 1:03:28]} 16. Re1 {[%clk
1:21:24]} Rad8 {[%clk 1:02:51]} 17. Be3 {[%clk 1:17:38]} Rd7 {[%clk 0:50:58]}
18. Nd4 {[%clk 1:08:01]} Be4 {[%clk 0:49:20]} 19. f3 {[%clk 1:03:16]} Bd5
{[%clk 0:49:05]} 20. Nxc6 {[%clk 1:02:55]} Bxc6 {[%clk 0:49:01]} 21. Bd4 {[%clk
1:02:39]} Kf7 {[%clk 0:48:31]} 22. Re3 {[%clk 1:00:32]} Re8 {[%clk 0:48:17]}
23. Rae1 {[%clk 1:00:13]} Rxe3 {[%clk 0:47:41]} 24. Rxe3 {[%clk 1:00:36]} g6
{[%clk 0:47:25]} 25. Kf2 {[%clk 0:59:08]} Bd5 {[%clk 0:46:50]} 26. a3 {[%clk
0:57:52]} a5 {[%clk 0:46:25]} 27. Kg3 {[%clk 0:52:30]} c6 {[%clk 0:42:52]} 28.
Re1 {[%clk 0:48:15]} Re7 {[%clk 0:42:25]} 29. Rxe7+ {[%clk 0:46:46]} Kxe7
{[%clk 0:42:50]} 30. Kf4 {[%clk 0:45:42]} Ke6 {[%clk 0:37:14]} 31. Ke3 {[%clk
0:26:05]} Bb3 {[%clk 0:36:56]} 32. c4 {[%clk 0:19:57]} Bxc4 {[%clk 0:37:02]}
33. Ke4 {[%clk 0:19:42]} Bd5+ {[%clk 0:36:37]} 34. Kf4 {[%clk 0:19:29]} Bb3
{[%clk 0:34:08]} 35. Kg5 {[%clk 0:18:53]} Bc2 {[%clk 0:32:27]} 36. Kh6 {[%clk
0:18:02]} Kd5 {[%clk 0:31:26]} 37. Be3 {[%clk 0:17:51]} Kc4 {[%clk 0:28:37]}
38. Kxh7 {[%clk 0:16:39]} a4 {[%clk 0:27:43]} 39. Kh6 {[%clk 0:14:42]} Kb3
{[%clk 0:26:41]} 40. Bc1 {[%clk 0:09:40]} Bd3 {[%clk 0:24:39]} 41. f4 {[%clk
0:01:37]} Kc2 {[%clk 0:24:29]} 42. Be3 {[%clk 0:01:57]} Kb2 {[%clk 0:24:39]}
43. h4 {[%clk 0:00:44]} Kxa3 {[%clk 0:24:39]} 44. h5 {[%clk 0:26:20]} gxh5
{[%clk 0:54:59]} 45. Kxh5 {[%clk 0:26:43]} Kb4 {[%clk 0:53:45]} 46. g4 {[%clk
0:25:38]} a3 {[%clk 0:53:39]} 47. f5 {[%clk 0:24:25]} Kc4 {[%clk 0:45:32]} 48.
Bc1 {[%clk 0:16:40]} Kxc5 {[%clk 0:45:07]} 49. Bxa3+ {[%clk 0:14:33]} Kd5
{[%clk 0:45:25]} 50. Kg5 {[%clk 0:10:26]} Be2 {[%clk 0:39:38]} 51. Kf4 {[%clk
0:06:36]} c5 {[%clk 0:36:08]} 52. g5 {[%clk 0:05:58]} Kd6 {[%clk 0:32:07]} 53.
g6 {[%clk 0:05:35]} b6 {[%clk 0:31:17]} 54. f6 {[%clk 0:05:17]} Ke6 {[%clk
0:30:37]} 55. Kg5 {[%clk 0:05:19]} Bc4 {[%clk 0:30:10]} 56. Bb2 {[%clk
0:05:30]} Kd7 {[%clk 0:29:49]} 57. Kh6 {[%clk 0:05:34]} Ke8 {[%clk 0:29:43]}
58. Kg7 {[%clk 0:05:52]} b5 {[%clk 0:29:00]} 59. f7+ {[%clk 0:06:15]} Kd7
{[%clk 0:29:16]} 60. f8=Q {[%clk 0:06:30]} 1-0